|
|
|
|
| LEADER |
00000nam a2200000 4500 |
| 008 |
210326b2020 ||||| |||| 00| u spa d |
| 999 |
|
|
|c 3920
|d 3920
|
| 090 |
|
|
|a 05.02.01
|b 2599
|
| 100 |
|
|
|9 3292
|a Morales Trejos, Carol
|
| 245 |
1 |
0 |
|a Prácticas de apropiación cultural juvenil y su vínculo con la construcción de la identidad en población universitaria de la Universidad de Costa Rica y de la Universidad Simón Bolívar de Barranquilla /
|c Carol Graciela Morales Trejos, Aura Aguilar Caro
|
| 260 |
|
|
|a [San José, Costa Rica] :
|b INIE,
|c 2020
|
| 300 |
|
|
|a 137 páginas
|
| 650 |
1 |
4 |
|9 378
|a CULTURA
|
| 650 |
1 |
4 |
|9 829
|a DIVERSIDAD CULTURAL
|
| 650 |
1 |
4 |
|9 480
|a IDENTIDAD CULTURAL
|
| 650 |
1 |
4 |
|9 2453
|a JOVEN
|
| 650 |
1 |
4 |
|9 4720
|a PARTICIPACIÓN JUVENIL
|
| 700 |
|
|
|9 4721
|a Aguilar Caro, Aura
|
| 942 |
|
|
|i 004654
|h 05.02.01 2599
|2 z
|c 04
|